000 00906nam0a22002651 4500
001 rc\4462922
005 20130416163547.0
021 _aRU
_b[59-56719]
035 _a(NLR Aleph) 008592168
090 _a8650581
_c8650581
100 _a20130416d1959 |||y0rusy50 ca
101 0 _arus
102 _aRU
105 _ay z |||||
200 1 _aКультура земледелия - основа высоких урожаев
210 _aТамбов
_cКн. изд-во
_d1959
215 _a32 с.
_d17
300 _aПеред загл. авт.: И.П. Тялин, пред. колхоза "1-е Мая" Ржаксин. района
606 _aРастениеводство
_yТамбовская область
_2psbo
700 1 _aТялин
_bИ. П.
_gИван Петрович
801 0 _aRU
_bNLR
_gpsbo
801 1 _aRU
_bELAR
_2rusmarc
852 _aNLR
_j59-2/2399
942 _cBOOK
980 _aNB